000 00438nam a2200157 a 4500
001 000042862
005 20201002040444.0
008 140211s1995 sp 000 0 spa d
020 _a8420694347
040 _aDO-SdBNP
_bspa
_cBNPHU
082 _axxx
_bxxx
100 1 _aAnisi, David
_970262
245 1 0 _aCreadores de escasez :
_bdel bienestar al miedo /
_cDavid Anisi.
260 _aMadrid :
_bAlianza,
_c1995.
300 _a149 p. ;
_c20 cm.
999 _c42351
_d42351